Βασικοί σταθμοί του εργατικού - συνδικαλιστικού κινήματος στην Ελλάδα : 1870-2001

Αποθηκεύτηκε σε:
Λεπτομέρειες βιβλιογραφικής εγγραφής
Κύριος συγγραφέας: Κατσορίδας, Δημήτρης Α.
Μορφή: Βιβλίο
Γλώσσα:Greek
Δημοσίευση: Αθήνα : Αρχείο Ιστορίας Συνδικάτων (ΑΡ.ΙΣΤΟ.Σ) - Γ.Σ.Ε.Ε., 2008
Θέματα:
Ετικέτες: Προσθήκη ετικέτας
Δεν υπάρχουν, Καταχωρήστε ετικέτα πρώτοι!

MARC

LEADER 00000cam a2200000 i 4500
001 1/46991
008 140509s2008 gre d
020 |a 978-960-88885-1-7 (pbk.) 
035 |l 10117577 
040 |a GR-MY-UA  |b gre  |e aacr 
041 0 |a gre 
082 0 |a 331.8809495  |2 (23) 
100 1 |a Κατσορίδας, Δημήτρης Α. 
245 1 0 |a Βασικοί σταθμοί του εργατικού - συνδικαλιστικού κινήματος στην Ελλάδα :  |b 1870-2001 /  |c Δημήτρης Α. Κατσορίδας 
260 |a Αθήνα :   |b Αρχείο Ιστορίας Συνδικάτων (ΑΡ.ΙΣΤΟ.Σ) - Γ.Σ.Ε.Ε.,   |c 2008 
300 |a 192 σ.;  |b φωτ.;  |c 24 εκ. 
504 |a Βιβλιογραφία: σ.151-158 
650 0 0 |a Labor movement  |z Greece  |x History  |x 20th century. 
650 0 0 |a Syndicalism  |z Greece  |x History  |y 20th century. 
852 |a INST  |b CHIOS  |e 20140509  |h 331.8809495 ΚΑΤ  |p 005200036131  |q 005200036131  |t BK  |y 0 
901 |a BIBL2-2014-2 
909 |a Χ  |b 180646 
970 |a ΣΠΕΝΤΖΑ  |b ΕΛΕΝΗ  |z 2014/05/09